00489 2200181 4500001002100000005001700021008004100038020001800079035002400097082001200121090001900133100002300152245005400175250001000229260003600239300002200275650001000297YOGYA-0311000000027720110317144611.0 ind  a979-3952-57-1 0010-031100000000277 a297.124 a297.124bMar T aMARZUKI, A.Khoiran a300 Hadis fadhilah amal shalehcA.Choiran Marzuki aCet.1 aYogyakartabMitra Pustakac2010 ax, 228 hlmc21 cm aHadis